¿El fin justifica los medios?: (Registro nro. 5271)
[ vista simple ]
| 000 -LEADER | |
|---|---|
| fixed length control field | 01461nab a22003017a 4500 |
| 003 - CONTROL NUMBER IDENTIFIER | |
| control field | OSt |
| 005 - DATE AND TIME OF LATEST TRANSACTION | |
| control field | 20250211122921.0 |
| 008 - FIXED-LENGTH DATA ELEMENTS--GENERAL INFORMATION | |
| fixed length control field | 190429b xxu||||| |||| 00| 0 spa d |
| 040 ## - CATALOGING SOURCE | |
| Transcribing agency | PJ |
| 100 ## - MAIN ENTRY--PERSONAL NAME | |
| Personal name | Valongo, Matías |
| 9 (RLIN) | 6326 |
| 245 13 - TITLE STATEMENT | |
| Title | ¿El fin justifica los medios?: |
| Remainder of title | breves notas críticas del proyecto de Ley Antimafias / |
| Statement of responsibility, etc | Matías Valongo. |
| 260 ## - PUBLICATION, DISTRIBUTION, ETC. (IMPRINT) | |
| Date of publication, distribution, etc | Ciudad Autónoma de Buenos Aires : |
| Place of publication, distribution, etc | Thomson Reuters La Ley, |
| Name of publisher, distributor, etc | 2025. |
| 300 ## - PHYSICAL DESCRIPTION | |
| Extent | p. 36-47 |
| 500 ## - GENERAL NOTE | |
| General note | Cita: AR/DOC/74/2025. |
| 505 ## - FORMATTED CONTENTS NOTE | |
| Formatted contents note | Sumario: I. Introducción.— II. Antecedentes del proyecto.— III. Ámbito de aplicación.— IV. Zona sujeta a investigación especial.— V. Recopilación e intercambio de inteligencia criminal.— VI. Modificaciones al Cód. Penal.— VII. Extinción de dominio.— VIII. Aplicación y competencia.— IX. Conclusiones.<br/><br/><br/> |
| 505 ## - FORMATTED CONTENTS NOTE | |
| Title | Si te interesa el texto completo, solicitalo a koha@justierradelfuego.gov.ar |
| 650 #0 - SUBJECT ADDED ENTRY--TOPICAL TERM | |
| 9 (RLIN) | 343 |
| Topical term or geographic name as entry element | DERECHO PENAL |
| 650 #0 - SUBJECT ADDED ENTRY--TOPICAL TERM | |
| 9 (RLIN) | 2872 |
| Topical term or geographic name as entry element | NARCOTRÁFICO |
| 650 #0 - SUBJECT ADDED ENTRY--TOPICAL TERM | |
| 9 (RLIN) | 3064 |
| Topical term or geographic name as entry element | LAVADO DE ACTIVOS |
| 650 #0 - SUBJECT ADDED ENTRY--TOPICAL TERM | |
| 9 (RLIN) | 2753 |
| Topical term or geographic name as entry element | PARTICIPACIÓN CRIMINAL |
| 650 #0 - SUBJECT ADDED ENTRY--TOPICAL TERM | |
| 9 (RLIN) | 2478 |
| Topical term or geographic name as entry element | CODIGO PENAL |
| 650 #0 - SUBJECT ADDED ENTRY--TOPICAL TERM | |
| 9 (RLIN) | 2999 |
| Topical term or geographic name as entry element | AUTORÍA |
| 650 #0 - SUBJECT ADDED ENTRY--TOPICAL TERM | |
| 9 (RLIN) | 586 |
| Topical term or geographic name as entry element | DEFENSA EN JUICIO |
| 650 #0 - SUBJECT ADDED ENTRY--TOPICAL TERM | |
| 9 (RLIN) | 6327 |
| Topical term or geographic name as entry element | DERECHO DE PROPIEDAD |
| 650 #0 - SUBJECT ADDED ENTRY--TOPICAL TERM | |
| 9 (RLIN) | 2758 |
| Topical term or geographic name as entry element | ASOCIACIÓN ILÍCITA |
| 773 0# - HOST ITEM ENTRY | |
| Host Biblionumber | 2658 |
| Host Itemnumber | 3164 |
| Title | Revista de derecho penal y criminología. Nº 1 - Febrero 2025 |
| Place, publisher, and date of publication | Ciudad Autónoma de Buenos Aires : Thomson Reuters La Ley, 2017- |
| International Standard Serial Number | 00347914 |
| 942 ## - ADDED ENTRY ELEMENTS (KOHA) | |
| Source of classification or shelving scheme | |
| Koha item type | Analítica Artículo de Revista |
No hay ítems disponibles.
